000 00902nam0a2200301 4500
001 RU\NLR\bibl\998867
005 20260409071543.0
010 _a5-9684-0417-5
_95000
021 _aRU
_b2006-54709
_92706
035 _a(NLR Aleph) 000986607
090 _a492592
_c492592
100 _a20061018d2006 |||y0rusy50 ca
101 0 _arus
102 _aRU
105 _aa |||||||||
200 1 _aРэйки. Начинаем с нуля
_fИ-Шен
210 _aСанкт-Петербург
_cВектор
_d2006
215 _a91, [1] с.
_d20
225 1 _aЦелительные практики Востока
606 _aРэйки
_3RU\NLR\auth\66725432
_91640486
686 _aР358.9
700 0 _4070
_8rus
_7ca
_aИ-Шен
_3RU\NLR\AUTH\7740477
_923429
801 0 _aRU
_bNLR
_c20061018
_grcr
801 1 _aRU
_bNLR
_c20061018
942 _cBOOK
980 _aNB